| 000 | 00665nam a2200217 4500 | ||
|---|---|---|---|
| 003 | OSt | ||
| 005 | 20240702072659.0 | ||
| 006 | a | ||
| 008 | 240702b |||||||| |||| 00| 0 eng d | ||
| 020 | _a9812533001 | ||
| 040 |
_aDWCL-HMN lib. _cOC |
||
| 082 |
_2Second edition _aCirc. 647.94 S937h 2006 |
||
| 100 | _aSttuts, Alan T. | ||
| 245 | _aHotel and lodging management : an introduction / | ||
| 250 | _aSecond edition | ||
| 260 |
_aNew Jersey : _bJohn Wiley & sons, _cc2006 |
||
| 300 |
_axix, _b341 p. : b & w ill. ; _c23 cm. |
||
| 504 | _aIncludes index. | ||
| 650 | _a1. Hospitality industry-Management. | ||
| 942 |
_2ddc _n0 _cBK-CIRC _eSecond edition _kCirc. |
||
| 999 |
_c1821 _d1821 |
||